[Event "Montevideo op 8th"]
[Site "Montevideo"]
[Date "2025.02.07"]
[Round "8"]
[White "Comas, Martin"]
[Black "Pena Canapa, Alfredo"]
[Result "0-1"]
[WhiteElo "1716"]
[BlackElo "1862"]
[PlyCount "148"]
[EventDate "2025.01.31"]
[EventType "swiss"]
[EventRounds "9"]
[EventCountry "URU"]
[SourceTitle "CB08_2025"]
[SourceDate "2025.02.19"]
[SourceVersion "1"]
[SourceVersionDate "2025.02.19"]
[SourceQuality "1"]

1. e4 c6 2. d4 d5 3. f3 e6 4. Bd3 Nf6 5. c3 Be7 6. Ne2 c5 7. e5 Nfd7 8. 0-0 Nc6 9. Kh1 Qb6 10. Qa4 cxd4 11. cxd4 Qb4 12. Nbc3 a6 13. Qxb4 Nxb4 14. Bb1 h5 15. g3 b6 16. a3 Nc6 17. Bd3 Na5 18. Kg2 Nb3 19. Rb1 Nxc1 20. Rfxc1 Bb7 21. Na2 Rc8 22. Rxc8+ Bxc8 23. Rc1 Kd8 24. Nb4 Bxb4 25. axb4 Nb8 26. Kf2 Bb7 27. Ke3 Kd7 28. Rc3 f6 29. f4 f5 30. h4 g6 31. Ra3 Rc8 32. Nc3 b5 33. Be2 Nc6 34. Rb3 Ne7 35. Bd3 Rc7 36. Kd2 Nc8 37. Na2 Nb6 38. Rc3 Bc6 39. b3 Ra7 40. Ke3 Kc7 41. Be2 Kb7 42. Bd3 Nd7 43. Be2 Kb6 44. Bd3 Nb8 45. Rc2 Bd7 46. Rc5 Bc6 47. Rc2 a5 48. bxa5+ Kxa5 49. b4+ Kb6 50. Kd2 Ra3 51. Nc1 Ra4 52. Rb2 Bd7 53. Kc3 Nc6 54. Bc2 Ra3+ 55. Rb3 Ra8 56. Nd3 Ra1 57. Rb1 Ra8 58. Nc5 Bc8 59. Rb2 Ra7 60. Bb1 Ra1 61. Nb3 Ra3 62. Ra2 Ra4 63. Rxa4 bxa4 64. Nc5 a3 65. Nb3 Ba6 66. Nc5 Bc4 67. Nxe6 a2 68. Bxa2 Bxa2 69. Nf8 Ne7 70. Ne6 Bc4 71. Ng5 Bb5 72. Nh3 Be8 73. Nf2 Kb5 74. Kb3 Nc6 0-1

[Event "Montevideo op 8th"]
[Site "Montevideo"]
[Date "2025.02.02"]
[Round "3"]
[White "Comas, Martin"]
[Black "Kulik, Nicolas"]
[Result "0-1"]
[WhiteElo "1716"]
[BlackElo "1922"]
[PlyCount "94"]
[EventDate "2025.01.31"]
[EventType "swiss"]
[EventRounds "9"]
[EventCountry "URU"]
[SourceTitle "CB08_2025"]
[SourceDate "2025.02.19"]
[SourceVersion "1"]
[SourceVersionDate "2025.02.19"]
[SourceQuality "1"]

1. e4 c5 2. d4 cxd4 3. c3 dxc3 4. Nxc3 Nc6 5. Nf3 e6 6. Bc4 Bb4 7. 0-0 Nge7 8. a3 Bxc3 9. bxc3 Ng6 10. h3 0-0 11. Qd6 Qe7 12. Rd1 Qxd6 13. Rxd6 Na5 14. Ba2 b6 15. Nd2 Nf4 16. Nc4 Ne2+ 17. Kh2 Nxc4 18. Bxc4 Nxc3 19. f3 Na4 20. Be3 Re8 21. Rc1 Nc5 22. Bxc5 bxc5 23. Bb5 a6 24. Bd3 Rd8 25. Rxc5 Bb7 26. e5 Bc6 27. Ra5 Ra7 28. Rc5 Rb8 29. Ra5 Kf8 30. h4 h6 31. Kg3 Ke7 32. Rd4 Rb3 33. Bc4 Rb6 34. h5 Bb5 35. a4 Bc6 36. Bd3 Bd5 37. Rg4 Kf8 38. Rc5 Rc6 39. Rxc6 dxc6 40. Rb4 a5 41. Rb8+ Ke7 42. Rg8 Bb3 43. Rxg7 Bxa4 44. Bg6 Kf8 45. Rh7 Bb3 46. Rh8+ Kg7 47. Rh7+ Kg8 0-1

[Event "Montevideo op 8th"]
[Site "Montevideo"]
[Date "2025.02.01"]
[Round "2"]
[White "Zaruski, Julio"]
[Black "Comas, Martin"]
[Result "1/2-1/2"]
[WhiteElo "1860"]
[BlackElo "1716"]
[PlyCount "67"]
[EventDate "2025.01.31"]
[EventType "swiss"]
[EventRounds "9"]
[EventCountry "URU"]
[SourceTitle "CB08_2025"]
[SourceDate "2025.02.19"]
[SourceVersion "1"]
[SourceVersionDate "2025.02.19"]
[SourceQuality "1"]

1. e4 c5 2. Nf3 Nc6 3. c3 g6 4. Bd3 Bg7 5. Bc2 d5 6. exd5 Qxd5 7. h3 Nf6 8. Na3 a6 9. Bb3 Qe4+ 10. Qe2 0-0 11. d3 Qxe2+ 12. Kxe2 Nd7 13. Be3 b5 14. Bd5 Bb7 15. Nc2 e6 16. Bxc6 Bxc6 17. Rhg1 Rac8 18. d4 Be4 19. Nfe1 e5 20. dxc5 Nxc5 21. f3 Bd5 22. Kf2 Na4 23. Nb4 Bb7 24. Rb1 a5 25. Nbc2 Rfd8 26. f4 Bd5 27. fxe5 Bxe5 28. Nf3 Bg7 29. a3 Be4 30. Rgc1 Nc5 31. Nfe1 a4 32. Rd1 Nd3+ 33. Nxd3 Bxd3 34. Rbc1 1/2-1/2

[Event "Montevideo Duchamp Cup 7th"]
[Site "Montevideo"]
[Date "2024.02.06"]
[Round "6"]
[White "Comas, Martin"]
[Black "Vassallo, Mariano"]
[Result "0-1"]
[WhiteElo "1468"]
[BlackElo "1726"]
[PlyCount "56"]
[EventDate "2024.02.01"]
[EventType "swiss"]
[EventRounds "9"]
[EventCountry "URU"]
[SourceTitle "CBM 218 Extra"]
[Source "ChessBase"]
[SourceDate "2024.03.31"]
[SourceVersion "1"]
[SourceVersionDate "2024.03.31"]
[SourceQuality "1"]

1. e4 c5 2. d4 cxd4 3. c3 dxc3 4. Nxc3 Nc6 5. Nf3 e6 6. Bc4 a6 7. Qe2 Qc7 8. 0-0 Nf6 9. e5 Ng4 10. Bf4 Bb4 11. Rac1 Bxc3 12. Rxc3 h5 13. Bd3 b5 14. h3 Nh6 15. Qe3 Bb7 16. Qc5 Qd8 17. Bg5 f6 18. Bg6+ Nf7 19. exf6 gxf6 20. Bh4 Rc8 21. Rfc1 Ne7 22. Bxf7+ Kxf7 23. Qa7 Bxf3 24. Rxc8 Nxc8 25. Qxa6 Bc6 26. Rxc6 dxc6 27. Qxc6 Qd1+ 28. Kh2 Qd6+ 0-1